000 00871nam a2200265 a 4500
008
049 _aMAIN
090 _aHC79.A4
100 1 _aEllison, Vivian.
245 1 0 _aAir pollution:
_bthe world's exhaust.
260 _aWest Haven, Conn. :
_bPendulum Press,
_c1971.
300 _a62 p. :
_bill. ;
_c21 cm.
440 _aEcology series.
500 _aPrepared under the auspices of Total Education in the Total Environment.
500 _aPublished under the author's maiden name: Vivian Sorvall.
650 0 _aAir
_xPollution.
650 0 _aAir
_xPollution
_zUnited States.
710 2 _aTotal Education in the Total Environment (Organization).
740 0 _aWorld's exhaust.
907 _a.b1001911x
_b31-01-07
_c17-04-03
003
005 20230123134215.0
040 _cNUST
942 _cBOOKS
_kHC79.A4
999 _c161894
_d161894